[Event "XX Festival Conca della Presolana A"]
[Site "Bratto - Castione della Presolana ITA"]
[Date "2000.08.26"]
[Round "2"]
[White "Mariano, Elia"]
[Black "Zichichi, Alvise"]
[Result "1-0"]
[WhiteElo "2093"]
[BlackElo "2325"]
[PlyCount "87"]
[EventDate "2000.08.25"]

1.d4 d5 2.c4 c6 3.Nf3 e6 4.Nc3 f5 5.cxd5 cxd5 6.Bf4 a6 7.g3 Nf6 8.Bg2 Nc6 
9.O-O Be7 10.Rc1 O-O 11.Na4 Nd7 12.Qd2 h6 13.h4 Kh7 14.Kh2 Nf6 15.Rh1 Ne4 
16.Qe3 g5 17.hxg5 hxg5 18.Kg1+ Kg7 19.Be5+ Kg6 20.Nd2 Qa5 21.Nxe4 dxe4 22.
g4 Nxe5 23.dxe5 Bd7 24.Nb6 Rad8 25.Nxd7 Rh8 26.gxf5+ exf5 27.Rxh8 Rxh8 28.
Qb6+ Qxb6 29.Nxb6 g4 30.Nd5 Bg5 31.e3 Re8 32.Nf4+ Kh6 33.e6 Bxf4 34.exf4 
Rxe6 35.Rc7 b5 36.Rc5 Kg6 37.Bf1 Rd6 38.Rc2 Rd1 39.Kg2 Kh5 40.Be2 Re1 41.
Rd2 Kh4 42.Rd6 Kh5 43.Rd2 Kh4 44.Rd1 1-0

[Event "XX Festival Conca della Presolana A"]
[Site "Bratto - Castione della Presolana ITA"]
[Date "2000.08.26"]
[Round "2"]
[White "Mione, Dario"]
[Black "Ricci, Alfredo"]
[Result "1-0"]
[WhiteElo "2286"]
[BlackElo "2093"]
[PlyCount "77"]
[EventDate "2000.08.25"]

1.e4 c5 2.Nf3 Nc6 3.d4 cxd4 4.Nxd4 Nf6 5.Nc3 d6 6.Be3 Bd7 7.Be2 a6 8.Nb3 
e6 9.Qd2 b5 10.a3 Ne5 11.Qd4 Rc8 12.O-O Be7 13.Rad1 Qc7 14.Nd2 O-O 15.h3 
Rfd8 16.f4 Nc4 17.Nxc4 bxc4 18.Qb6 Qc6 19.Qxc6 Bxc6 20.Bb6 Rd7 21.Bxc4 
Nxe4 22.Bxa6 Rb8 23.Bd4 Ng3 24.Rf2 Nf5 25.b4 Bh4 26.Rfd2 Bg3 27.Ne2 Bh4 
28.Bf2 Be7 29.g4 Nh4 30.Bxh4 Bxh4 31.Rxd6 Rxd6 32.Rxd6 Ba4 33.c4 Kf8 34.
Nc3 Ke7 35.c5 Bb3 36.Rd3 Bf6 37.g5 Bxc3 38.Rxc3 Bd5 39.c6 1-0

[Event "XX Festival Conca della Presolana A"]
[Site "Bratto - Castione della Presolana ITA"]
[Date "2000.08.26"]
[Round "2"]
[White "Profumo, Alberto"]
[Black "Farago, Ivan"]
[Result "0-1"]
[WhiteElo "2284"]
[BlackElo "2486"]
[PlyCount "102"]
[EventDate "2000.08.25"]

1.Nf3 Nf6 2.g3 d5 3.Bg2 c6 4.O-O Bg4 5.c4 e6 6.cxd5 exd5 7.d3 Be7 8.Nc3 
O-O 9.Ne5 Be6 10.e4 Na6 11.Qe2 Re8 12.f4 Bc5+ 13.Kh1 Bd4 14.Nd1 dxe4 15.
dxe4 Nc5 16.Be3 Ncxe4 17.Bxd4 Qxd4 18.Ne3 Rad8 19.Rad1 Qc5 20.a3 Rxd1 21.
Rxd1 Bb3 22.Rd3 Bd5 23.Bf3 g6 24.Kg2 Kg7 25.Nxd5 cxd5 26.b4 Qc1 27.Qa2 Rc8
28.Bd1 Nc3 29.Qb3 Nxd1 30.Qxd1 Qb2+ 31.Rd2 Qxa3 32.Qb1 Qc3 33.Rd3 Qc2+ 34.
Qxc2 Rxc2+ 35.Kf3 Rxh2 36.Rc3 Rf2+ 37.Ke3 d4+ 38.Kxd4 Rd2+ 39.Rd3 Rc2 40.
g4 Rc7 41.g5 Nh5 42.Ke3 f6 43.Nd7 Kf7 44.b5 fxg5 45.fxg5 Ke6 46.b6 axb6 
47.Nxb6 Kf5 48.Rd5+ Kg4 49.Nd7 b5 50.Kd4 Rc4+ 51.Kd3 Nf4+ 0-1

[Event "XX Festival Conca della Presolana A"]
[Site "Bratto - Castione della Presolana ITA"]
[Date "2000.08.26"]
[Round "2"]
[White "Riccio, Eros"]
[Black "Podini, Francesco"]
[Result "1-0"]
[WhiteElo "2134"]
[BlackElo "2071"]
[PlyCount "39"]
[EventDate "2000.08.25"]

1.d4 Nf6 2.Nf3 e6 3.Bf4 d5 4.e3 b6 5.Nbd2 Bb7 6.Bd3 Be7 7.Ne5 O-O 8.Qf3 c5
9.c3 Nbd7 10.Qh3 Re8 11.Ndf3 Nxe5 12.Nxe5 a6 13.O-O h6 14.f3 Bf8 15.g4 g5 
16.Bg3 Bg7 17.f4 Ne4 18.Bxe4 dxe4 19.fxg5 Qxg5 20.Bh4 1-0

[Event "XX Festival Conca della Presolana A"]
[Site "Bratto - Castione della Presolana ITA"]
[Date "2000.08.26"]
[Round "2"]
[White "Ruzzier, Dario"]
[Black "Leoni, Fabrizio"]
[Result "0-1"]
[WhiteElo "2080"]
[BlackElo "2143"]
[PlyCount "38"]
[EventDate "2000.08.25"]

1.d4 Nf6 2.c4 e6 3.Nc3 Bb4 4.e3 O-O 5.Bd3 d5 6.Nf3 c5 7.O-O Nc6 8.a3 cxd4 
9.exd4 dxc4 10.Bxc4 Be7 11.Bg5 b6 12.Rc1 Bb7 13.Ba2 Nd5 14.Nxd5 Bxg5 15.
Nxg5 Qxg5 16.Ne3 Rad8 17.f4 Qf6 18.f5 Nxd4 19.fxe6 Nf3+ 0-1

[Event "XX Festival Conca della Presolana A"]
[Site "Bratto - Castione della Presolana ITA"]
[Date "2000.08.26"]
[Round "2"]
[White "Sbarra, Marco"]
[Black "Drazic, Sinisa"]
[Result "1-0"]
[WhiteElo "2285"]
[BlackElo "2508"]
[PlyCount "133"]
[EventDate "2000.08.25"]

1.d4 g6 2.c4 Bg7 3.Nc3 d6 4.e4 e5 5.Be3 exd4 6.Bxd4 Nf6 7.f3 Nc6 8.Be3 O-O
9.Nge2 Ne5 10.Nd4 c6 11.Be2 d5 12.cxd5 cxd5 13.exd5 Nxd5 14.Nxd5 Qxd5 15.
Nb5 Qxd1+ 16.Rxd1 b6 17.f4 Ng4 18.Bd4 Ba6 19.Bxg7 Rfe8 20.Be5 Nxe5 21.fxe5
Rxe5 22.Nc3 Bxe2 23.Nxe2 Rc8 24.Rg1 b5 25.Rd2 Rc1+ 26.Kf2 Rf5+ 27.Kg3 Rg5+
28.Kh4 Rh5+ 29.Kg3 Rg5+ 30.Kh3 Rh5+ 31.Kg4 Rc4+ 32.Kf3 Rf5+ 33.Ke3 Re5+ 
34.Kf2 Rf5+ 35.Ke1 Re5 36.Kd1 Ra4 37.Nc3 Rh4 38.h3 b4 39.Nd5 Kg7 40.Re1 
Rf5 41.Re7 a5 42.Ra7 Rf1+ 43.Ke2 Rg1 44.Kf2 Ra1 45.b3 Rh5 46.Rxa5 Rf5+ 47.
Ke3 Re1+ 48.Kd4 h5 49.Ra4 Re8 50.Rxb4 Rxd5+ 51.Kxd5 Rd8+ 52.Kc6 Rxd2 53.a4
Rc2+ 54.Kb7 Ra2 55.Kb6 Rxg2 56.a5 Re2 57.a6 Re6+ 58.Ka5 Re5+ 59.Rb5 Re7 
60.b4 h4 61.Rc5 Re3 62.Kb6 Rb3 63.Rb5 Re3 64.a7 Re6+ 65.Kc5 Re5+ 66.Kc4 
Re4+ 67.Kd3 1-0

[Event "XX Festival Conca della Presolana A"]
[Site "Bratto - Castione della Presolana ITA"]
[Date "2000.08.26"]
[Round "2"]
[White "Schuurman, Petra"]
[Black "Orsi, Massimiliano"]
[Result "1-0"]
[WhiteElo "2151"]
[BlackElo "2100"]
[PlyCount "49"]
[EventDate "2000.08.25"]

1.c4 e6 2.Nf3 d5 3.b3 Nf6 4.Bb2 c5 5.e3 Nc6 6.d4 cxd4 7.exd4 Bd6 8.Bd3 Ne4
9.O-O O-O 10.Nc3 f5 11.cxd5 Nxc3 12.Bxc3 exd5 13.Re1 Qf6 14.Ne5 Be6 15.Be2
Rad8 16.Bf3 Bb8 17.Qe2 Nxe5 18.dxe5 Qf7 19.Rad1 f4 20.Bh5 Qf5 21.Bb4 g6 
22.Bxf8 Kxf8 23.Bf3 Bc7 24.Qb5 Bxe5 25.Qe2 1-0

[Event "XX Festival Conca della Presolana A"]
[Site "Bratto - Castione della Presolana ITA"]
[Date "2000.08.26"]
[Round "2"]
[White "Sedina, Elena"]
[Black "Dilic, Roberto"]
[Result "1-0"]
[WhiteElo "2405"]
[BlackElo "2013"]
[PlyCount "51"]
[EventDate "2000.08.25"]

1.e4 d5 2.exd5 Qxd5 3.Nc3 Qa5 4.d4 Nf6 5.Nf3 Bg4 6.h3 Bxf3 7.Qxf3 c6 8.Bc4
e6 9.Bd2 Qd8 10.O-O-O Bb4 11.a3 Be7 12.Bg5 Nbd7 13.Rhe1 O-O 14.Bd3 Nd5 15.
Bxe7 Nxe7 16.h4 Nf6 17.g4 Ned5 18.g5 Nxc3 19.gxf6 Nxd1 20.Bxh7+ Kxh7 21.
Qh5+ Kg8 22.fxg7 f6 23.Rg1 Re8 24.Qh8+ Kf7 25.g8=Q+ Rxg8 26.Qh7+ 1-0

[Event "XX Festival Conca della Presolana A"]
[Site "Bratto - Castione della Presolana ITA"]
[Date "2000.08.26"]
[Round "2"]
[White "Szekely, Peter"]
[Black "Laco, Giuseppe"]
[Result "1/2-1/2"]
[WhiteElo "2445"]
[BlackElo "2180"]
[PlyCount "29"]
[EventDate "2000.08.25"]

1.Nf3 d5 2.c4 c6 3.cxd5 cxd5 4.d4 e6 5.Nc3 Nf6 6.Bf4 Bd6 7.Bg3 Ne4 8.e3 
Nc6 9.Nxe4 dxe4 10.Nd2 f5 11.Bxd6 Qxd6 12.Qh5+ g6 13.Qh6 Bd7 14.a3 e5 15.
Qg7 1/2-1/2

[Event "XX Festival Conca della Presolana A"]
[Site "Bratto - Castione della Presolana ITA"]
[Date "2000.08.26"]
[Round "2"]
[White "Tomba, Ivan"]
[Black "Sarno, Spartaco"]
[Result "0-1"]
[WhiteElo "2022"]
[BlackElo "2409"]
[PlyCount "40"]
[EventDate "2000.08.25"]

1.e4 d6 2.d4 Nf6 3.Nc3 g6 4.f4 Bg7 5.Nf3 O-O 6.Bd3 Na6 7.O-O c5 8.e5 Ng4 
9.Bxa6 cxd4 10.Qxd4 bxa6 11.h3 Nh6 12.Qf2 Bb7 13.exd6 Qxd6 14.Ne5 Nf5 15.
Rd1 Qe6 16.Na4 Rfd8 17.Rxd8+ Rxd8 18.Nc5 Rd1+ 19.Kh2 Qb6 20.Qe2 Rh1+ 0-1

[Event "XX Festival Conca della Presolana A"]
[Site "Bratto - Castione della Presolana ITA"]
[Date "2000.08.26"]
[Round "2"]
[White "Ventura, Boris"]
[Black "Pagnoncelli, Marco"]
[Result "1/2-1/2"]
[WhiteElo "2162"]
[BlackElo "2082"]
[PlyCount "118"]
[EventDate "2000.08.25"]

1.e4 c5 2.Nf3 d6 3.d4 cxd4 4.Nxd4 Nf6 5.Nc3 g6 6.Be2 Bg7 7.Be3 Nc6 8.O-O 
O-O 9.Qd2 Ng4 10.Bxg4 Bxg4 11.Nxc6 bxc6 12.Bh6 Bxh6 13.Qxh6 Rb8 14.Rab1 
Rb7 15.Kh1 Qa5 16.Qe3 Rfb8 17.b3 d5 18.f3 Be6 19.Na4 Rb5 20.Rbd1 dxe4 21.
fxe4 Rh5 22.Qf4 Qe5 23.Nb2 Qxf4 24.Rxf4 Rb4 25.Rd8+ Kg7 26.Nd3 Rb7 27.Rf1 
Ra5 28.a4 g5 29.b4 Rxa4 30.Nc5 Rbxb4 31.Nxa4 Rxa4 32.Re8 Rxe4 33.Rxe7 Ra4 
34.Kg1 Ra2 35.Rc7 Bd5 36.Rf2 a5 37.h3 a4 38.c4 Ra1+ 39.Kh2 Bxc4 40.Rxc6 
Bb3 41.Ra6 Re1 42.Rf5 h6 43.h4 Re6 44.Ra7 Rg6 45.hxg5 Rxg5 46.Rf4 Kg6 47.
Ra6+ Kg7 48.Ra7 h5 49.g3 Rg4 50.Rf5 h4 51.gxh4 Rxh4+ 52.Kg3 Rd4 53.Rfa5 
Kg6 54.R7a6+ f6 55.Rb6 Rd3+ 56.Kf4 Rd1 57.Rba6 Rf1+ 58.Kg3 Rg1+ 59.Kf4 
Rf1+ 1/2-1/2

[Event "XX Festival Conca della Presolana A"]
[Site "Bratto - Castione della Presolana ITA"]
[Date "2000.08.26"]
[Round "2"]
[White "Zoldan, Matteo"]
[Black "Grooten, Herman"]
[Result "0-1"]
[WhiteElo "2092"]
[BlackElo "2386"]
[PlyCount "116"]
[EventDate "2000.08.25"]

1.e4 c6 2.d4 d5 3.e5 Bf5 4.Nf3 e6 5.Be2 c5 6.O-O Nc6 7.c3 Bg4 8.Nbd2 cxd4 
9.cxd4 Nge7 10.h3 Bh5 11.a3 Qb6 12.Qa4 Nf5 13.Bb5 Bg6 14.g4 Ne7 15.Re1 Bc2
16.Qxc2 Qxb5 17.Nb3 Rc8 18.Qd1 Ng6 19.Bd2 Be7 20.Rc1 O-O 21.Rc3 Nb8 22.Qc1
Rc4 23.Na5 Rxc3 24.Qxc3 Bd8 25.Nb3 Nc6 26.Kg2 a5 27.Nc5 Be7 28.a4 Qc4 29.
Qxc4 dxc4 30.Ne4 Rd8 31.Be3 Nb4 32.Rc1 Nd3 33.Rxc4 Nxb2 34.Rc7 b6 35.Bg5 
Bxg5 36.Nexg5 Rf8 37.Rb7 Nf4+ 38.Kf1 Nxa4 39.h4 h6 40.Ne4 Nd5 41.g5 hxg5 
42.hxg5 Kh7 43.Nh4 Nf4 44.Nd6 Kg8 45.Ke1 Nd5 46.Kd2 Nac3 47.Kc2 a4 48.Kb2 
Ra8 49.Nf3 a3+ 50.Ka1 Kh7 51.Ne1 Kg6 52.Nxf7 Ra4 53.Nc2 Rb4 54.Nxa3 Rb3 
55.Nh8+ Kxg5 56.Rxg7+ Kf5 57.Ra7 Nb4 58.Nf7 Nc2+ 0-1

[Event "XX Festival Conca della Presolana A"]
[Site "Bratto - Castione della Presolana ITA"]
[Date "2000.08.27"]
[Round "3"]
[White "Alberton, Roberto"]
[Black "Orsi, Massimiliano"]
[Result "1-0"]
[WhiteElo "2147"]
[BlackElo "2100"]
[PlyCount "49"]
[EventDate "2000.08.25"]

1.e4 e5 2.Nf3 Nc6 3.Bb5 Nd4 4.Nxd4 exd4 5.O-O Bc5 6.Qh5 Qe7 7.d3 g6 8.Qf3 
Qf6 9.Bf4 c6 10.Qg3 Qe7 11.Bc4 h6 12.e5 g5 13.Nd2 gxf4 14.Qg7 Qg5 15.Qxh8 
d5 16.exd6 Bh3 17.g3 fxg3 18.hxg3 O-O-O 19.Ne4 Qf5 20.f3 Ne7 21.Qf6 Qxf6 
22.Nxf6 Bxd6 23.Rfe1 Nf5 24.Ne4 Bc7 25.Kh2 1-0

[Event "XX Festival Conca della Presolana A"]
[Site "Bratto - Castione della Presolana ITA"]
[Date "2000.08.27"]
[Round "3"]
[White "Caruso, Daniele"]
[Black "Cocchi, Andrea"]
[Result "0-1"]
[WhiteElo "2117"]
[BlackElo "2261"]
[PlyCount "52"]
[EventDate "2000.08.25"]

1.e4 c5 2.Nf3 e6 3.d3 Nc6 4.g3 g6 5.Bg2 Bg7 6.O-O Nge7 7.Re1 d6 8.Nbd2 O-O
9.h4 h6 10.a4 e5 11.Nc4 Be6 12.Ne3 f5 13.exf5 gxf5 14.Nh2 Qd7 15.Bf3 Nd4 
16.Bh5 Kh7 17.Ng2 Ng8 18.c3 Bb3 19.Qd2 Nc2 20.Rb1 Nxe1 21.Qxe1 Bc2 22.Ra1 
Bxd3 23.Bd1 Nf6 24.h5 Qf7 25.Qe3 c4 26.Qf3 Qd5 0-1

[Event "XX Festival Conca della Presolana A"]
[Site "Bratto - Castione della Presolana ITA"]
[Date "2000.08.27"]
[Round "3"]
[White "Di Fonzo, Valerio"]
[Black "Tomba, Ivan"]
[Result "1-0"]
[WhiteElo "2217"]
[BlackElo "2022"]
[PlyCount "55"]
[EventDate "2000.08.25"]

1.e4 c5 2.Nf3 d6 3.c3 Nf6 4.Be2 Nc6 5.d3 g6 6.O-O Bg7 7.h3 O-O 8.Re1 e5 9.
Bf1 Re8 10.Qc2 Bd7 11.a4 a6 12.Be3 Nh5 13.Na3 Nf4 14.Nc4 Be6 15.d4 cxd4 
16.cxd4 f5 17.Bxf4 exf4 18.e5 dxe5 19.dxe5 Nd4 20.Nxd4 Qxd4 21.Nd6 Re7 22.
Rad1 Qb6 23.Bc4 Kf8 24.Bxe6 Rxe6 25.Qc4 Re7 26.Nc8 Qe6 27.Rd8+ Kf7 28.Nd6#
1-0

[Event "XX Festival Conca della Presolana A"]
[Site "Bratto - Castione della Presolana ITA"]
[Date "2000.08.27"]
[Round "3"]
[White "Dilic, Roberto"]
[Black "Cazzaniga, Walter"]
[Result "0-1"]
[WhiteElo "2013"]
[BlackElo "2170"]
[PlyCount "136"]
[EventDate "2000.08.25"]

1.e4 e6 2.d4 d5 3.Nc3 Bb4 4.e5 c5 5.a3 Bxc3+ 6.bxc3 Ne7 7.a4 Nbc6 8.Nf3 
Qa5 9.Qd2 Bd7 10.Be2 O-O-O 11.dxc5 Qc7 12.O-O Nxe5 13.Nd4 a6 14.Qe3 N5c6 
15.f4 Nxd4 16.cxd4 Nf5 17.Qd2 h5 18.Bb2 Bc6 19.Bc3 Rdg8 20.Bd3 f6 21.Qe1 
Qd7 22.h4 g5 23.fxg5 fxg5 24.Qe5 Qg7 25.Qxg7 Rxg7 26.Bxf5 exf5 27.Rxf5 
gxh4 28.Kh2 Rhg8 29.Rf2 Rg3 30.Bd2 h3 31.gxh3 Bd7 32.Rf8+ Rxf8 33.Kxg3 
Rg8+ 34.Kh4 Rg2 35.Ba5 Rxc2 36.Rf1 Bxa4 37.Kxh5 Be8+ 38.Kg5 Rg2+ 39.Kf6 
Ra2 40.Bb6 Re2 41.Rf5 Kd7 42.Rxd5+ Kc6 43.Rd6+ Kb5 44.Re6 Rf2+ 45.Ke7 Bc6 
46.Rf6 Rh2 47.Rh6 a5 48.Kd6 a4 49.d5 Rd2 50.Rh5 a3 51.Bd8 a2 52.Bf6 Kc4 
53.Rh4+ Kb3 54.Rh5 Rb2 55.dxc6 a1=Q 56.cxb7 Rd2+ 57.Ke7 Qa7 58.c6 Qb6 59.
Kf7 Qc7+ 60.Kg8 Rg2+ 61.Rg5 Rxg5+ 62.Bxg5 Kc4 63.Be3 Qb8+ 64.Kg7 Kb5 65.h4
Kxc6 66.h5 Qxb7+ 67.Kg6 Qb3 68.Bd4 Qd3+ 0-1

[Event "XX Festival Conca della Presolana A"]
[Site "Bratto - Castione della Presolana ITA"]
[Date "2000.08.27"]
[Round "3"]
[White "Drabke, Lorenz Maximilian"]
[Black "Mione, Dario"]
[Result "1/2-1/2"]
[WhiteElo "2144"]
[BlackElo "2286"]
[PlyCount "43"]
[EventDate "2000.08.25"]

1.e4 e6 2.d4 d5 3.exd5 exd5 4.Nf3 Nf6 5.Bd3 Bd6 6.O-O O-O 7.Bg5 Bg4 8.Nbd2
Nbd7 9.c3 c6 10.Qc2 Qc7 11.Rae1 Rfe8 12.h3 Bh5 13.Rxe8+ Rxe8 14.Re1 Rxe1+ 
15.Nxe1 Bh2+ 16.Kh1 Bf4 17.Bxf4 Qxf4 18.Kg1 c5 19.g3 Qd6 20.Ng2 c4 21.Bf5 
Bg6 22.Bxg6 1/2-1/2

[Event "XX Festival Conca della Presolana A"]
[Site "Bratto - Castione della Presolana ITA"]
[Date "2000.08.27"]
[Round "3"]
[White "Drazic, Sinisa"]
[Black "Manzoni, Alessandro"]
[Result "1-0"]
[WhiteElo "2508"]
[BlackElo "2115"]
[PlyCount "113"]
[EventDate "2000.08.25"]

1.d4 d5 2.Nf3 c6 3.Bf4 e6 4.e3 Bd6 5.Bg3 Nf6 6.c4 Bxg3 7.hxg3 Qa5+ 8.Nc3 
Ne4 9.Qc2 Nd7 10.Bd3 f5 11.Kf1 O-O 12.Ne2 Qd8 13.Rc1 Ndf6 14.Ne5 Nd7 15.
Nxd7 Bxd7 16.Kg1 Qg5 17.c5 Rf6 18.Qb3 Rb8 19.Qa3 Ra8 20.Qb4 Bc8 21.Qa5 Rf8
22.Qc7 Qd8 23.Qe5 Qf6 24.f3 Qxe5 25.dxe5 Ng5 26.Nd4 Nf7 27.f4 Bd7 28.g4 
Nd8 29.Kf2 g6 30.Kf3 b6 31.Ba6 Rb8 32.b4 bxc5 33.bxc5 Rb2 34.Rc2 Rb8 35.a3
Nb7 36.Rb1 Na5 37.Rb4 fxg4+ 38.Kxg4 Rxb4 39.axb4 Nc4 40.Bxc4 dxc4 41.Rxc4 
Rb8 42.Nb3 Rb7 43.Na5 Rc7 44.Rd4 h6 45.Kh4 Kf7 46.Nc4 Ke7 47.Nd6 Kf8 48.g4
Kg7 49.Ne4 Kf7 50.Nf6 Bc8 51.Rd8 Ba6 52.Rh8 Rb7 53.Rxh6 Rxb4 54.Rh7+ Kf8 
55.Rxa7 Be2 56.Kg5 Bd3 57.Rc7 1-0

[Event "XX Festival Conca della Presolana A"]
[Site "Bratto - Castione della Presolana ITA"]
[Date "2000.08.27"]
[Round "3"]
[White "Farago, Ivan"]
[Black "Sedina, Elena"]
[Result "1/2-1/2"]
[WhiteElo "2486"]
[BlackElo "2405"]
[PlyCount "54"]
[EventDate "2000.08.25"]

1.d4 d5 2.c4 c6 3.Nf3 Nf6 4.Nc3 dxc4 5.a4 Bf5 6.Ne5 e6 7.f3 Bb4 8.e4 Nxe4 
9.fxe4 Bxe4 10.Bd2 Qxd4 11.Nxe4 Qxe4+ 12.Qe2 Bxd2+ 13.Kxd2 Qd5+ 14.Kc2 Na6
15.Nxc4 O-O 16.Qf3 Qc5 17.Kb1 Rad8 18.Be2 Nb4 19.Rc1 Rd4 20.Ra3 Rfd8 21.
Re3 Qg5 22.Rb3 a5 23.g3 Qg6+ 24.Ka1 Nc2+ 25.Ka2 Nb4+ 26.Ka1 Nc2+ 27.Ka2 
Nb4+ 1/2-1/2

[Event "XX Festival Conca della Presolana A"]
[Site "Bratto - Castione della Presolana ITA"]
[Date "2000.08.27"]
[Round "3"]
[White "Galli, Fabio"]
[Black "Podini, Francesco"]
[Result "1-0"]
[WhiteElo "2107"]
[BlackElo "2071"]
[PlyCount "87"]
[EventDate "2000.08.25"]

1.e4 c5 2.Nf3 e6 3.d4 cxd4 4.Nxd4 Nf6 5.Nc3 d6 6.Bc4 Be7 7.Be3 O-O 8.O-O 
d5 9.exd5 exd5 10.Bd3 Nc6 11.Nce2 Ng4 12.Bf4 Bf6 13.c3 Re8 14.Qc2 g6 15.
Nf3 Be6 16.Qd2 Qb6 17.Rad1 Rad8 18.Bb1 Nge5 19.Nxe5 Nxe5 20.b3 Bg4 21.Be3 
Qa6 22.f3 Bd7 23.Nd4 Nc6 24.Rfe1 Nxd4 25.Bxd4 Bxd4+ 26.cxd4 Qf6 27.Rc1 h5 
28.f4 Rc8 29.Re5 Rxc1+ 30.Qxc1 Rc8 31.Qd2 Qc6 32.Re1 Be6 33.Rf1 f5 34.Re1 
Kf7 35.Kf2 Rc7 36.Qe3 b6 37.Bd3 Qd6 38.Rc1 Rxc1 39.Qxc1 g5 40.g3 gxf4 41.
Qxf4 Qa3 42.Bxf5 Qxa2+ 43.Kg1 Qa5 44.Qc7+ 1-0

[Event "XX Festival Conca della Presolana A"]
[Site "Bratto - Castione della Presolana ITA"]
[Date "2000.08.27"]
[Round "3"]
[White "Grooten, Herman"]
[Black "Basciu, Simone"]
[Result "1-0"]
[WhiteElo "2386"]
[BlackElo "2147"]
[PlyCount "65"]
[EventDate "2000.08.25"]

1.d4 Nf6 2.c4 e6 3.Nf3 Bb4+ 4.Nbd2 b6 5.a3 Bxd2+ 6.Bxd2 Bb7 7.Bg5 d6 8.e3 
Nbd7 9.Nd2 h6 10.Bh4 c5 11.f3 cxd4 12.exd4 Qc7 13.Bd3 Nh5 14.Rc1 Nf4 15.
Bf1 g5 16.Bf2 O-O 17.g3 Ng6 18.Bd3 Rac8 19.O-O Kg7 20.b4 f5 21.Qc2 Ne7 22.
Rfe1 Kf7 23.Re2 Rce8 24.Rce1 Ng8 25.g4 Ndf6 26.gxf5 exf5 27.Bxf5 Rxe2 28.
Rxe2 Kg7 29.d5 Bxd5 30.cxd5 Qxc2 31.Bxc2 Rc8 32.Ne4 Nxd5 33.Bd4+ 1-0

[Event "XX Festival Conca della Presolana A"]
[Site "Bratto - Castione della Presolana ITA"]
[Date "2000.08.27"]
[Round "3"]
[White "Inkiov, Ventzislav V."]
[Black "Epishin, Vladimir V."]
[Result "0-1"]
[WhiteElo "2416"]
[BlackElo "2567"]
[PlyCount "76"]
[EventDate "2000.08.25"]

1.e4 c5 2.Nf3 e6 3.d4 cxd4 4.Nxd4 a6 5.Nc3 Qc7 6.g3 Nf6 7.Bg2 d6 8.O-O Be7
9.g4 Nc6 10.g5 Nd7 11.Nde2 h6 12.gxh6 gxh6 13.Ng3 Nf6 14.f4 h5 15.e5 dxe5 
16.fxe5 Nxe5 17.Bf4 h4 18.Nge4 Nxe4 19.Nxe4 h3 20.Qd4 hxg2 21.Bxe5 gxf1=Q+
22.Kxf1 Qxc2 23.Bxh8 Bd7 24.Nf6+ Bxf6 25.Bxf6 Rc8 26.Qf4 Qc4+ 27.Qxc4 Rxc4
28.Kg2 Rg4+ 29.Kf3 Rg6 30.Bc3 f6 31.Rd1 Bc6+ 32.Kf4 Kf7 33.h4 Rg2 34.Ke3 
e5 35.Kd3 Rg4 36.h5 Rh4 37.Rg1 Bb5+ 38.Ke3 Rxh5 0-1

[Event "XX Festival Conca della Presolana A"]
[Site "Bratto - Castione della Presolana ITA"]
[Date "2000.08.27"]
[Round "3"]
[White "Laco, Giuseppe"]
[Black "Belotti, Bruno"]
[Result "0-1"]
[WhiteElo "2180"]
[BlackElo "2417"]
[PlyCount "52"]
[EventDate "2000.08.25"]

1.c4 g6 2.e4 Bg7 3.d4 d6 4.Nc3 Nf6 5.f3 O-O 6.Be3 c5 7.d5 e6 8.Qd2 exd5 9.
cxd5 a6 10.a4 Re8 11.Bc4 Nbd7 12.Nge2 Ne5 13.Bb3 Bd7 14.O-O b5 15.a5 Rb8 
16.Nd1 b4 17.Nf2 Bb5 18.Bg5 c4 19.Bd1 c3 20.bxc3 bxc3 21.Qc2 Qc7 22.Re1 
Nfd7 23.Ra3 Nd3 24.Nxd3 Bxd3 25.Qc1 Rb1 26.Qe3 Bxe2 0-1

[Event "XX Festival Conca della Presolana A"]
[Site "Bratto - Castione della Presolana ITA"]
[Date "2000.08.27"]
[Round "3"]
[White "Lapiccirella, Daniele"]
[Black "Bonomi, Maurizio"]
[Result "0-1"]
[WhiteElo "2084"]
[BlackElo "2234"]
[PlyCount "48"]
[EventDate "2000.08.25"]

1.d4 Nf6 2.c4 g6 3.Nc3 Bg7 4.e4 d6 5.f3 O-O 6.Be3 c5 7.d5 e6 8.Bd3 exd5 9.
cxd5 b6 10.Nge2 Ba6 11.O-O Bxd3 12.Qxd3 a6 13.a4 Nbd7 14.Rab1 Ne5 15.Qc2 
Qc7 16.Bf2 Bh6 17.b3 Nh5 18.Nc1 Rfc8 19.Be1 Qe7 20.Bd2 Bg7 21.Nd3 Nxd3 22.
Qxd3 Bd4+ 23.Be3 Nf4 24.Qd2 Bxc3 0-1

[Event "XX Festival Conca della Presolana A"]
[Site "Bratto - Castione della Presolana ITA"]
[Date "2000.08.27"]
[Round "3"]
[White "Leoni, Fabrizio"]
[Black "Profumo, Alberto"]
[Result "0-1"]
[WhiteElo "2143"]
[BlackElo "2284"]
[PlyCount "46"]
[EventDate "2000.08.25"]

1.d4 Nf6 2.c4 g6 3.Nc3 Bg7 4.e4 d6 5.Nf3 O-O 6.Be2 e5 7.O-O Nc6 8.d5 Ne7 
9.Ne1 Nd7 10.Nd3 f5 11.exf5 Nxf5 12.Ne4 h6 13.Bd2 Nf6 14.Bf3 Nd4 15.Nxf6+ 
Qxf6 16.Be4 Bf5 17.f3 c5 18.Rf2 Qh4 19.g3 Qh3 20.Be3 h5 21.b4 h4 22.Qd2 
Bxe4 23.Bxd4 Bxd3 0-1

[Event "XX Festival Conca della Presolana A"]
[Site "Bratto - Castione della Presolana ITA"]
[Date "2000.08.27"]
[Round "3"]
[White "Mantovani, Renzo"]
[Black "Davies, Nigel R."]
[Result "1/2-1/2"]
[WhiteElo "2410"]
[BlackElo "2486"]
[PlyCount "24"]
[EventDate "2000.08.25"]

1.c4 e5 2.Nc3 d6 3.d4 exd4 4.Qxd4 Nf6 5.Nf3 Nc6 6.Qd2 g6 7.b3 Bg7 8.Bb2 
O-O 9.g3 Bf5 10.Bg2 Ne4 11.Nxe4 Bxe4 12.O-O Re8 1/2-1/2

[Event "XX Festival Conca della Presolana A"]
[Site "Bratto - Castione della Presolana ITA"]
[Date "2000.08.27"]
[Round "3"]
[White "Marta, Daniele"]
[Black "Battaggia, Piergiorgio"]
[Result "1/2-1/2"]
[WhiteElo "1900"]
[BlackElo "2118"]
[PlyCount "27"]
[EventDate "2000.08.25"]

1.d4 d5 2.c4 e6 3.Nc3 Nf6 4.Bg5 Be7 5.e3 h6 6.Bh4 O-O 7.Nf3 Ne4 8.Bxe7 
Qxe7 9.Qc2 Nxc3 10.Qxc3 c6 11.Bd3 Nd7 12.O-O dxc4 13.Bxc4 c5 14.Rac1 
1/2-1/2

[Event "XX Festival Conca della Presolana A"]
[Site "Bratto - Castione della Presolana ITA"]
[Date "2000.08.27"]
[Round "3"]
[White "Mascheroni, Maurizio"]
[Black "Lapiccirella, Mattia"]
[Result "0-1"]
[WhiteElo "2059"]
[BlackElo "2144"]
[PlyCount "80"]
[EventDate "2000.08.25"]

1.e4 c5 2.Nf3 Nc6 3.Bb5 g6 4.O-O Bg7 5.c3 Nf6 6.Re1 O-O 7.d4 cxd4 8.cxd4 
d5 9.e5 Ne4 10.Nc3 Nxc3 11.bxc3 Na5 12.h3 Bd7 13.Qa4 Bxb5 14.Qxb5 Rc8 15.
Bd2 a6 16.Qd3 Rc6 17.Rec1 Qd7 18.Rc2 Rc4 19.Be3 Rfc8 20.Nd2 Ra4 21.Rac1 
Nc4 22.Nxc4 Raxc4 23.Bd2 b5 24.Rb2 f6 25.f4 Bh6 26.Rb4 fxe5 27.dxe5 d4 28.
Rbb1 Rd8 29.cxd4 Rxd4 30.Qb3+ e6 31.Ba5 Rd3 32.Qc2 Rf8 33.Rd1 Qd4+ 34.Kh1 
Rxd1+ 35.Rxd1 Qxf4 36.Bd2 Qf2 37.Qc3 Bg7 38.Qc6 Qe2 39.Qxe6+ Kh8 40.Qg4 
Rf1+ 0-1

[Event "XX Festival Conca della Presolana A"]
[Site "Bratto - Castione della Presolana ITA"]
[Date "2000.08.27"]
[Round "3"]
[White "Murgia, Andrea"]
[Black "Ruzzier, Dario"]
[Result "1-0"]
[WhiteElo "2131"]
[BlackElo "2080"]
[PlyCount "115"]
[EventDate "2000.08.25"]

1.e4 e5 2.Nf3 Nc6 3.Bb5 a6 4.Ba4 Nf6 5.Qe2 d6 6.c3 Bg4 7.h3 Bh5 8.d3 Be7 
9.Nbd2 b5 10.Bc2 d5 11.O-O O-O 12.Re1 d4 13.g4 Bg6 14.Nf1 h5 15.Nh4 dxc3 
16.bxc3 b4 17.g5 Ne8 18.Nxg6 fxg6 19.Bb3+ Kh7 20.Bd5 Qd7 21.h4 bxc3 22.Be3
Rb8 23.Rab1 Rxb1 24.Rxb1 Nb4 25.Bb3 Qxd3 26.Qxd3 Nxd3 27.Rd1 Nc5 28.Bc2 
Ne6 29.Rd5 Bd6 30.Ra5 Nd4 31.Bxd4 exd4 32.e5 Be7 33.Rxa6 Rf3 34.Bxg6+ Kg8 
35.Kg2 Rf4 36.Ra8 Rf8 37.f4 c5 38.Bd3 Kf7 39.g6+ Ke6 40.Ra6+ Kd5 41.Kf3 
Bxh4 42.Ra7 c4 43.Be4+ Kc5 44.Rb7 d3 45.Ne3 c2 46.Nxc2 dxc2 47.Bxc2 Kd4 
48.a4 Be1 49.f5 Bc3 50.f6 Kxe5 51.f7 Nf6 52.a5 Kd6 53.a6 Kc6 54.Re7 Bb4 
55.Re6+ Kd7 56.Rxf6 Kc7 57.Be4 Bc5 58.Rc6+ 1-0